Buenos muchachos (Record no. 26651)

MARC details
000 -LEADER
campo de control de longitud fija 01400cac a2200277 a 4500
003 - IDENTIFICADOR DE NÚMERO DE CONTROL
campo de control Co-PeBPM
005 - FECHA Y HORA DE LA ÚLTIMA TRANSACCIÓN
campo de control 20260409175209.0
007 - CAMPO FIJO DE DESCRIPCIÓN FÍSICA--INFORMACIÓN GENERAL
campo de control de longitud fija ta
008 - DATOS DE LONGITUD FIJA--INFORMACIÓN GENERAL
campo de control de longitud fija 240322s2023 ck |||| |||| 00| 0 spa d
020 ## - NÚMERO INTERNACIONAL ESTÁNDAR DEL LIBRO
Número Internacional Estándar del Libro 9786289561500
040 ## - FUENTE DE CATALOGACIÓN
Centro catalogador/agencia de origen Co-PeBPM
Lengua de catalogación spa
Centro/agencia transcriptor Co-PeBPM
Normas de descripción rda
041 ## - CÓDIGO DE IDIOMA
Código de lengua del texto/banda sonora o título independiente spa
082 04 - NÚMERO DE LA CLASIFICACIÓN DECIMAL DEWEY
Número de clasificación Co863 B562b
Número de edición 22
100 1# - ENTRADA PRINCIPAL--NOMBRE DE PERSONA
Nombre de persona Betancourt, David,
Fechas asociadas al nombre 1982- ,
Término indicativo de función/relación autor
245 10 - MENCIÓN DEL TÍTULO
Título Buenos muchachos
Resto del título : Cuento
Mención de responsabilidad, etc. / David Betancourt
250 1# - MENCION DE EDICION
Mención de edición Primera edición
264 ## - PRODUCCIÓN, PUBLICACIÓN, DISTRIBUCIÓN, FABRICACIÓN Y COPYRIGHT
Producción, publicación, distribución, fabricación y copyright Pereira, Risaralda
Nombre del de productor, editor, distribuidor, fabricante : Klepsidra Editores
Fecha de producción, publicación, distribución, fabricación o copyright , 2023
300 ## - DESCRIPCIÓN FÍSICA
Extensión 101 página
Dimensiones 21 centímetro
500 ## - NOTA GENERAL
Nota general Incluye índice
520 ## - RESUMEN, ETC.
Sumario, etc. Anoche casi no me pude dormir. Di vueltas en la cama como el balón de colores de Felipe Rodríguez, así, sin exagerar. Me movía de un lado para otro, daba vueltas y vueltas y vueltas y los ojos nada que se cerraban. Me ardía la cara más que nunca, me picaba la cabeza como cuando tenía piojos y la cobija me fastidiaba tanto como las vistas de mis tías los domingos en la tarde. Preferiría tener pesadillas que estar imaginado esas cosas que me caminan por la mente y que no me dejan dormir ni comer ni reír, esas cosas que andan conmigo aferradas desde la noticia de mi madrina.
546 ## - NOTA DE IDIOMA
Nota de lengua/lenguaje spa
650 17 - PUNTO DE ACCESO ADICIONAL DE MATERIA--TÉRMINO DE MATERIA
Término de materia o nombre geográfico como elemento de entrada Literatura colombiana
Fuente del encabezamiento o término Lemb
650 17 - PUNTO DE ACCESO ADICIONAL DE MATERIA--TÉRMINO DE MATERIA
Término de materia o nombre geográfico como elemento de entrada Cuentos colombianos
Fuente del encabezamiento o término Lemb
942 ## - ELEMENTOS DE ENTRADA SECUNDARIOS (KOHA)
Fuente del sistema de clasificación o colocación Clasificación Decimal Dewey
Tipo de ítem Koha Literatura
Suprimir en OPAC No
Holdings
Estatus retirado Estado de pérdida Fuente del sistema de clasificación o colocación Estado de daño No para préstamo Colección Biblioteca de origen Biblioteca actual Ubicación en estantería Fecha de adquisición Fuente de adquisición Total de préstamos Signatura topográfica completa Código de barras Visto por última vez Copia número Precio de reemplazo Tipo de ítem Koha
    Clasificación Decimal Dewey     General BIBLIOTECA PÚBLICA MUNICIPAL RAMON CORREA MEJIA BIBLIOTECA PÚBLICA MUNICIPAL RAMON CORREA MEJIA Colección general 22/03/2024 Donación   Co863 B562b 49620 22/03/2024 Ej.1 22/03/2024 Literatura
    Clasificación Decimal Dewey     General BIBLIOTECA PÚBLICA MUNICIPAL RAMON CORREA MEJIA BIBLIOTECA PÚBLICA MUNICIPAL RAMON CORREA MEJIA Colección general 09/04/2024 Donación   Co863 B562b   09/04/2026 Ej. 2 09/04/2026 Literatura

Powered by Koha